[Event "FRA-chT Top 12 (Women) GpA"]
[Site "Mulhouse"]
[Date "2022.04.07"]
[Round "1.3"]
[White "Le Bail, Clara"]
[Black "Fortuit, Emilie"]
[Result "1-0"]
[WhiteElo "1960"]
[BlackElo "1954"]
[PlyCount "81"]
[EventDate "2022.04.07"]
[EventType "team-tourn"]
[EventRounds "5"]
[EventCountry "FRA"]
[SourceTitle "CBM 207 Extra"]
[Source "ChessBase"]
[SourceDate "2022.05.31"]
[SourceVersion "1"]
[SourceVersionDate "2022.05.31"]
[SourceQuality "1"]
[WhiteTeam "Lesparre Medoc (W)"]
[BlackTeam "Juvisy (W)"]
[WhiteTeamCountry "FRA"]
[BlackTeamCountry "FRA"]

1. e4 c5 2. c3 d5 3. exd5 Qxd5 4. d4 Nf6 5. Nf3 Bg4 6. Be2 Nc6 7. h3 Bh5 8. Be3 cxd4 9. cxd4 e6 10. Nc3 Qd6 11. 0-0 Be7 12. Rc1 0-0 13. Qb3 Qb4 14. Qxb4 Nxb4 15. g4 Bg6 16. Ne5 Rfd8 17. Bf3 Nd3 18. Nxd3 Bxd3 19. Rfd1 Ba6 20. g5 Ne8 21. d5 e5 22. Ne4 Nd6 23. Nxd6 Bxd6 24. Bc5 Bxc5 25. Rxc5 Rd6 26. Rc7 f5 27. gxf6 Rxf6 28. Bg2 Kf8 29. Re1 Re8 30. Be4 h6 31. b4 Re7 32. Rec1 Rd6 33. a4 b5 34. a5 Rdd7 35. R7c5 Kf7 36. R1c3 g5 37. Rf3+ Kg7 38. Rc6 Bb7 39. Rg6+ Kh8 40. Rf8+ Kh7 41. Rxg5# 1-0

[Event "Sao Paulo op-A 3rd"]
[Site "Sao Paulo"]
[Date "2015.09.20"]
[Round "6"]
[White "Le Bail, Clara"]
[Black "Noseda, Francesco"]
[Result "1-0"]
[WhiteElo "1968"]
[BlackElo "1897"]
[PlyCount "89"]
[EventDate "2015.09.17"]
[EventType "swiss"]
[EventRounds "6"]
[EventCountry "BRA"]
[SourceTitle "EXT 2016"]
[Source "ChessBase"]
[SourceDate "2015.10.08"]
[SourceVersion "1"]
[SourceVersionDate "2015.10.08"]
[SourceQuality "1"]

1. e4 c5 2. c3 d5 3. exd5 Qxd5 4. Nf3 Nf6 5. d4 Bg4 6. dxc5 Qxc5 7. Be3 Qc7 8. Be2 e5 9. Na3 Nc6 10. Qa4 Bd7 11. Qb3 Be7 12. 0-0 0-0 13. Nb5 Qb8 14. a4 Be6 15. Qc2 Nd5 16. Bg5 f6 17. Bd2 Nb6 18. b4 Qc8 19. Na3 Qd7 20. Rfd1 Rad8 21. a5 Nd5 22. Nc4 Qc7 23. b5 Nb8 24. Ne3 Nxe3 25. Bxe3 Bc5 26. Bxc5 Qxc5 27. Nd2 a6 28. Ne4 Rxd1+ 29. Qxd1 Qc8 30. Rb1 Rd8 31. Qa4 Bd5 32. h3 axb5 33. Bxb5 Na6 34. Rd1 Nc5 35. Nxc5 Qxc5 36. c4 Rd6 37. Rxd5 Rxd5 38. cxd5 e4 39. Bf1 h6 40. Qe8+ Kh7 41. Qxe4+ Kh8 42. Qe8+ Kh7 43. Bd3+ g6 44. Qxg6+ Kh8 45. Qh7# 1-0

[Event "Sao Paulo op-A 3rd"]
[Site "Sao Paulo"]
[Date "2015.09.19"]
[Round "4"]
[White "Le Bail, Clara"]
[Black "Do Prado, Hamilton Mesquita"]
[Result "1-0"]
[WhiteElo "1968"]
[BlackElo "1672"]
[PlyCount "115"]
[EventDate "2015.09.17"]
[EventType "swiss"]
[EventRounds "6"]
[EventCountry "BRA"]
[SourceTitle "EXT 2016"]
[Source "ChessBase"]
[SourceDate "2015.10.08"]
[SourceVersion "1"]
[SourceVersionDate "2015.10.08"]
[SourceQuality "1"]

1. e4 e5 2. Bc4 Bc5 3. Nf3 d6 4. d3 h6 5. c3 Nf6 6. Bb3 0-0 7. Nbd2 Be6 8. 0-0 Bb6 9. h3 a6 10. Re1 Nc6 11. Bc2 Re8 12. Nf1 Ne7 13. Ng3 Qd7 14. d4 Ng6 15. Be3 Bxh3 16. gxh3 Qxh3 17. Bd3 exd4 18. cxd4 Nh4 19. Bf1 Nxf3+ 20. Qxf3 Qg4 21. Bg2 Qxf3 22. Bxf3 Rab8 23. a3 Kh7 24. Rad1 g6 25. Bc1 Re7 26. Kg2 c6 27. Rh1 Ng8 28. Rh3 f6 29. Bxh6 Nxh6 30. Rdh1 Rg8 31. Rxh6+ Kg7 32. Rh7+ Kf8 33. Rxe7 Kxe7 34. Rh7+ Kf8 35. Ne2 Rg7 36. Rxg7 Kxg7 37. Bg4 c5 38. dxc5 dxc5 39. Bc8 Bc7 40. Bxb7 a5 41. Bc8 Be5 42. Nc3 Kf7 43. Kf3 Ke7 44. Ke2 Kd8 45. Bh3 Kc7 46. Kd3 Kc6 47. Kc4 Bd4 48. f3 g5 49. Na4 Be3 50. Bg4 Bd4 51. Bh5 Be3 52. Be8+ Kd6 53. Kb5 Bf2 54. Kxa5 Ke5 55. Kb5 f5 56. exf5 Kxf5 57. Nxc5 Bd4 58. b4 1-0

[Event "Sao Paulo op-A 3rd"]
[Site "Sao Paulo"]
[Date "2015.09.18"]
[Round "2"]
[White "Le Bail, Clara"]
[Black "Oliveira, Fernando Henrique"]
[Result "0-1"]
[WhiteElo "1968"]
[BlackElo "2193"]
[PlyCount "108"]
[EventDate "2015.09.17"]
[EventType "swiss"]
[EventRounds "6"]
[EventCountry "BRA"]
[SourceTitle "EXT 2016"]
[Source "ChessBase"]
[SourceDate "2015.10.08"]
[SourceVersion "1"]
[SourceVersionDate "2015.10.08"]
[SourceQuality "1"]

1. e4 c5 2. c3 Nf6 3. e5 Nd5 4. Nf3 Nc6 5. d4 cxd4 6. cxd4 e6 7. a3 d6 8. Bd3 Qc7 9. exd6 Bxd6 10. 0-0 Bd7 11. Re1 0-0 12. Nc3 Nce7 13. Bc2 Bc6 14. Qd3 Ng6 15. Ne4 Bf4 16. g3 Bxc1 17. Raxc1 Rfd8 18. h4 Qe7 19. h5 Nf8 20. Ne5 Rac8 21. Bb3 h6 22. Nxc6 Rxc6 23. Rxc6 bxc6 24. Rc1 f5 25. Nd2 Qe8 26. Nf3 Qxh5 27. Rxc6 f4 28. Ne5 fxg3 29. Qxg3 Qf5 30. Bxd5 Rxd5 31. Rc7 g6 32. Rc8 g5 33. Nc6 Rd7 34. b4 Kg7 35. Rc7 Qf7 36. Ne5 Rxc7 37. Nxf7 Rxf7 38. Qe5+ Kg6 39. a4 Rf5 40. Qe4 h5 41. b5 g4 42. a5 Kf6 43. b6 axb6 44. axb6 Rb5 45. Qc6 Rb1+ 46. Kg2 Ng6 47. Qd6 Nh4+ 48. Kh2 Nf3+ 49. Kg3 Ng5 50. Qd8+ Kf5 51. Qf8+ Kg6 52. Qe8+ Kf5 53. Qf8+ Kg6 54. Qd6 Ne4+ 0-1

[Event "FRA-chT Top 12 (Women)"]
[Site "Mulhouse"]
[Date "2014.05.09"]
[Round "1.2"]
[White "Le Bail, Clara"]
[Black "Richard, Emma"]
[Result "0-1"]
[WhiteElo "1975"]
[BlackElo "2099"]
[PlyCount "86"]
[EventDate "2014.05.09"]
[EventType "team-tourn"]
[EventRounds "5"]
[EventCountry "FRA"]
[SourceTitle "CBM 160 Extra"]
[Source "ChessBase"]
[SourceDate "2014.07.01"]
[SourceVersion "1"]
[SourceVersionDate "2014.07.01"]
[SourceQuality "1"]
[WhiteTeam "Migne Echecs (W)"]
[BlackTeam "Mulhouse Philidor (W)"]
[WhiteTeamCountry "FRA"]
[BlackTeamCountry "FRA"]

1. e4 c5 2. c3 d6 3. d4 Nf6 4. dxc5 Nc6 5. Bc4 dxc5 6. Qxd8+ Nxd8 7. e5 Nd7 8. Nf3 e6 9. 0-0 a6 10. a4 Nc6 11. Bf4 Na5 12. Nbd2 Nb6 13. Be2 Bd7 14. Bd1 Bc6 15. Re1 Be7 16. Bc2 0-0 17. Bg5 Bxg5 18. Nxg5 h6 19. Nge4 c4 20. Nd6 Rad8 21. N2e4 Nd7 22. f4 f6 23. Rf1 fxe5 24. fxe5 Rxf1+ 25. Rxf1 Nxe5 26. Rd1 Bxe4 27. Nxe4 Rxd1+ 28. Bxd1 Nd3 29. Nd6 Nxb2 30. Bc2 Kf8 31. Kf1 Ke7 32. Ne4 Nb3 33. Bxb3 cxb3 34. Nc5 b6 35. Nxb3 Nxa4 36. c4 Kd6 37. Ke2 Nc5 38. Nd2 a5 39. Kd1 Nd3 40. g3 Kc5 41. Kc2 Kd4 42. h4 a4 43. h5 Ne5 0-1

[Event "FRA-chT Top 12"]
[Site "Haguenau"]
[Date "2013.06.06"]
[Round "8.8"]
[White "Congiu, Mathilde"]
[Black "Le Bail, Clara"]
[Result "1-0"]
[WhiteElo "2230"]
[BlackElo "1969"]
[PlyCount "65"]
[EventDate "2013.05.30"]
[EventType "team-tourn"]
[EventRounds "11"]
[EventCountry "FRA"]
[SourceTitle "CBM 154 Extra"]
[Source "ChessBase"]
[SourceDate "2013.06.25"]
[SourceVersion "2"]
[SourceVersionDate "2013.06.25"]
[SourceQuality "1"]
[WhiteTeam "Rueil Malmaison"]
[BlackTeam "Migne Echecs"]
[WhiteTeamCountry "FRA"]
[BlackTeamCountry "FRA"]

1. e4 e6 2. d4 d5 3. Nc3 Nf6 4. Bg5 dxe4 5. Nxe4 Be7 6. Bxf6 gxf6 7. Nf3 a6 8. Qe2 b5 9. 0-0-0 Bb7 10. Kb1 Nd7 11. Qe3 Nb6 12. Bd3 Bd5 13. Nfd2 Na4 14. Nb3 c6 15. f4 f5 16. Nec5 Nb6 17. Rhe1 Nc4 18. Qe2 Nd6 19. g4 Qc7 20. Qe5 0-0-0 21. gxf5 Bh4 22. fxe6 Bxe1 23. e7 Bh4 24. exd8Q+ Qxd8 25. Bf5+ Nxf5 26. Qxf5+ Kb8 27. Nxa6+ Ka7 28. Nb4 h6 29. Nc5 Re8 30. Qh3 Re2 31. Qa3+ Kb8 32. Qa6 Qc7 33. Nxd5 1-0

[Event "FRA-chT Top 12"]
[Site "Haguenau"]
[Date "2013.06.03"]
[Round "5.8"]
[White "Haussernot, Cecile"]
[Black "Le Bail, Clara"]
[Result "1-0"]
[WhiteElo "2135"]
[BlackElo "1969"]
[PlyCount "91"]
[EventDate "2013.05.30"]
[EventType "team-tourn"]
[EventRounds "11"]
[EventCountry "FRA"]
[SourceTitle "CBM 154 Extra"]
[Source "ChessBase"]
[SourceDate "2013.06.25"]
[SourceVersion "2"]
[SourceVersionDate "2013.06.25"]
[SourceQuality "1"]
[WhiteTeam "Mulhouse Philidor"]
[BlackTeam "Migne Echecs"]
[WhiteTeamCountry "FRA"]
[BlackTeamCountry "FRA"]

1. e4 e6 2. d4 d5 3. Nc3 Nf6 4. e5 Nfd7 5. f4 c5 6. Nf3 Nc6 7. Be3 cxd4 8. Nxd4 Bc5 9. Qd2 0-0 10. 0-0-0 a6 11. Qf2 Qe7 12. Bd3 f6 13. Nxc6 bxc6 14. Bxc5 Nxc5 15. Qh4 g6 16. Rhf1 a5 17. Rf3 Rb8 18. Rh3 Qg7 19. Ne2 Nxd3+ 20. cxd3 c5 21. Ng3 Kh8 22. Ne2 d4 23. g4 Qb7 24. Rd2 Qg7 25. Ng3 Bb7 26. exf6 Rxf6 27. g5 Rff8 28. Qg4 Qf7 29. Rf2 Bd5 30. Qe2 Bxa2 31. Ne4 Qf5 32. Rh4 c4 33. Nf6 Rb7 34. Rf3 Rc8 35. Kd1 Bb3+ 36. Ke1 c3 37. bxc3 dxc3 38. Rfh3 Rcc7 39. Qe3 c2 40. Kf2 Bd5 41. Qd4 Qxh3 42. Rxh3 c1Q 43. Nxd5+ Rg7 44. Rxh7+ Kg8 45. Rxg7+ Rxg7 46. Nf6+ 1-0

[Event "FRA-chT Top 12"]
[Site "Haguenau"]
[Date "2013.05.30"]
[Round "1.8"]
[White "Nicoara, Malina"]
[Black "Le Bail, Clara"]
[Result "1-0"]
[WhiteElo "2117"]
[BlackElo "1969"]
[PlyCount "145"]
[EventDate "2013.05.30"]
[EventType "team-tourn"]
[EventRounds "11"]
[EventCountry "FRA"]
[SourceTitle "CBM 154 Extra"]
[Source "ChessBase"]
[SourceDate "2013.06.25"]
[SourceVersion "2"]
[SourceVersionDate "2013.06.25"]
[SourceQuality "1"]
[WhiteTeam "Strasbourg"]
[BlackTeam "Migne Echecs"]
[WhiteTeamCountry "FRA"]
[BlackTeamCountry "FRA"]

1. d4 Nf6 2. c4 g6 3. Nc3 d5 4. Nf3 Bg7 5. Bg5 Ne4 6. cxd5 Nxg5 7. Nxg5 0-0 8. Nf3 c6 9. dxc6 Nxc6 10. e3 e5 11. dxe5 Nxe5 12. Be2 Nxf3+ 13. Bxf3 Be6 14. 0-0 Qa5 15. Rc1 Rab8 16. a3 Rfc8 17. Qd2 Rd8 18. Qe2 b5 19. Rfd1 Rdc8 20. Nd5 Rxc1 21. Rxc1 Rd8 22. e4 Kh8 23. g3 Re8 24. Nb4 Bc4 25. Qc2 h5 26. h4 Kg8 27. Rd1 Be6 28. Qd2 Qa4 29. Nc6 Qb3 30. Be2 Qxb2 31. Nxa7 Qxa3 32. Nxb5 Qa2 33. Nc7 Rc8 34. Nxe6 Qxe6 35. Qd7 Qxd7 36. Rxd7 Rc1+ 37. Bd1 Be5 38. f4 Bb2 39. Kg2 Rc8 40. Bb3 Rf8 41. e5 Bc3 42. Kf3 Ba5 43. Rb7 Bc3 44. Bd5 Ba5 45. Ra7 Bb4 46. Ke4 Be1 47. Ra1 Bf2 48. Kf3 Bd4 49. Ra4 Bc3 50. g4 hxg4+ 51. Kxg4 Rd8 52. Ba2 Bd4 53. h5 gxh5+ 54. Kxh5 Kg7 55. Kg4 Bb6 56. Rb4 Rb8 57. f5 Ba7 58. f6+ Kg8 59. Ra4 Bb6 60. Kf5 Bc5 61. Rg4+ Kf8 62. Rh4 Ke8 63. Rh8+ Bf8 64. Bd5 Rc8 65. Rg8 Rc5 66. Bb3 Ra5 67. Rh8 Ra3 68. Bd5 Rc3 69. Bxf7+ Kxf7 70. e6+ Ke8 71. e7 Rf3+ 72. Kg5 Rg3+ 73. Kf4 1-0

[Event "FRA-chT1 0910"]
[Site "France"]
[Date "2009.10.18"]
[Round "3.8"]
[White "Le Bail, Clara"]
[Black "Chaumont, Adeline"]
[Result "1-0"]
[WhiteElo "2057"]
[BlackElo "2049"]
[PlyCount "37"]
[EventDate "2009.09.27"]
[EventType "team-tourn"]
[EventRounds "11"]
[EventCountry "FRA"]
[SourceTitle "EXT 2011"]
[Source "ChessBase"]
[SourceDate "2010.11.26"]
[SourceVersion "1"]
[SourceVersionDate "2010.11.26"]
[SourceQuality "1"]

1. e4 c6 2. d4 d5 3. exd5 cxd5 4. c4 Nf6 5. Nc3 Nc6 6. Bg5 dxc4 7. d5 Ne5 8. Qd4 Nd3+ 9. Bxd3 cxd3 10. Nf3 Qb6 11. Qxd3 h6 12. Be3 Qa5 13. 0-0 a6 14. Ne5 e6 15. Nc4 Qd8 16. Bb6 Qd7 17. d6 Qc6 18. Rfe1 Nd7 19. Rxe6+ 1-0

[Event "FRA-ch U20"]
[Site "Aix les Bains"]
[Date "2009.04.21"]
[Round "4"]
[White "Le Bail, Clara"]
[Black "Roubert, Emile"]
[Result "1-0"]
[WhiteElo "2048"]
[BlackElo "1918"]
[PlyCount "47"]
[EventDate "2009.04.19"]
[EventType "swiss"]
[EventRounds "9"]
[EventCountry "FRA"]
[SourceTitle "CBM 130 Extra"]
[Source "ChessBase"]
[SourceDate "2009.07.02"]
[SourceVersion "2"]
[SourceVersionDate "2009.07.15"]
[SourceQuality "1"]

1. e4 e5 2. Nf3 Nc6 3. Bb5 a6 4. Bxc6 dxc6 5. 0-0 Bg4 6. h3 h5 7. d3 Qf6 8. Nbd2 Bd6 9. Re1 Ne7 10. d4 Ng6 11. hxg4 hxg4 12. g3 gxf3 13. Nxf3 Qe6 14. Ng5 Qd7 15. d5 cxd5 16. Qxd5 f6 17. Ne6 Ke7 18. Nxg7 Qh3 19. Nf5+ Kd8 20. Nh6 Nf4 21. Bxf4 exf4 22. Nf7+ Kc8 23. Nxh8 Qxh8 24. Qf5+ 1-0

[Event "Breizh Masters (Women)"]
[Site "Guingamp"]
[Date "2009.02.15"]
[Round "3"]
[White "Lefevre, Margaux"]
[Black "Le Bail, Clara"]
[Result "1/2-1/2"]
[WhiteElo "2007"]
[BlackElo "2040"]
[PlyCount "72"]
[EventDate "2009.02.13"]
[EventType "tourn"]
[EventRounds "9"]
[EventCountry "FRA"]
[SourceTitle "CBM 128 Extra"]
[Source "ChessBase"]
[SourceDate "2009.03.05"]
[SourceVersion "2"]
[SourceVersionDate "2009.03.25"]
[SourceQuality "1"]

1. e4 e6 2. d4 d5 3. Nc3 Bb4 4. e5 c5 5. a3 Bxc3+ 6. bxc3 Qa5 7. Bd2 Qa4 8. Qg4 g6 9. Bd3 c4 10. Be2 Qxc2 11. Nf3 Nc6 12. h4 h6 13. Rh3 Bd7 14. Nh2 0-0-0 15. Rf3 Rf8 16. Bc1 Qa4 17. Bd1 Qa5 18. Ke2 Nce7 19. Qh3 f5 20. Nf1 Ba4 21. Bxa4 Qxa4 22. Ne3 Nc6 23. g4 Nge7 24. gxf5 Nxf5 25. Nxf5 Rxf5 26. Rxf5 Qc2+ 27. Bd2 Qxf5 28. Qxf5 exf5 29. Rg1 Ne7 30. e6 Kc7 31. Bf4+ Kc6 32. Kf3 b5 33. Be5 Rg8 34. Bf4 Rh8 35. Be5 Rg8 36. Bf4 Rh8 1/2-1/2

[Event "FRA-chT2 West 0809"]
[Site "France"]
[Date "2008.10.19"]
[Round "1.6"]
[White "Bollard, Maxime"]
[Black "Le Bail, Clara"]
[Result "1-0"]
[WhiteElo "1967"]
[BlackElo "2044"]
[PlyCount "73"]
[EventDate "2008.10.19"]
[EventType "team-tourn"]
[EventRounds "11"]
[EventCountry "FRA"]
[SourceTitle "EXT 2010"]
[Source "ChessBase"]
[SourceDate "2010.11.25"]
[SourceVersion "1"]
[SourceVersionDate "2010.11.25"]
[SourceQuality "1"]
[WhiteTeam "Agneaux Saint Lo"]
[BlackTeam "Rennes Paul Bert"]
[WhiteTeamCountry "FRA"]
[BlackTeamCountry "FRA"]

1. d4 d5 2. c4 c6 3. Nf3 Nf6 4. Nc3 dxc4 5. e3 b5 6. a4 b4 7. Na2 e6 8. Bxc4 Nbd7 9. 0-0 Bb7 10. Qe2 Be7 11. Rd1 0-0 12. b3 Qb6 13. Bb2 Rfd8 14. Nc1 Ne4 15. a5 Qc7 16. Nd3 c5 17. a6 Bc6 18. Nde5 Nxe5 19. Nxe5 Bd5 20. f3 Nc3 21. Bxc3 bxc3 22. Rac1 cxd4 23. exd4 Bb4 24. Bxd5 Rxd5 25. Qc4 Qxc4 26. bxc4 Rd6 27. Nd3 Ba5 28. Nc5 Bb4 29. Nd3 c2 30. Rxc2 Rxd4 31. Rb1 Ba5 32. Nf2 Rd7 33. c5 Rc8 34. Rb7 Rdc7 35. Ne4 f5 36. Nd6 Rxc5 37. Rxc5 1-0

[Event "FRA-ch op-A"]
[Site "Pau"]
[Date "2008.08.19"]
[Round "7"]
[White "Neri, Jean Baptiste"]
[Black "Le Bail, Clara"]
[Result "1/2-1/2"]
[WhiteElo "1928"]
[BlackElo "2035"]
[PlyCount "82"]
[EventDate "2008.08.11"]
[EventType "swiss"]
[EventRounds "9"]
[EventCountry "FRA"]
[SourceTitle "CBM 126 Extra"]
[Source "ChessBase"]
[SourceDate "2008.11.05"]
[SourceVersion "1"]
[SourceVersionDate "2008.11.05"]
[SourceQuality "1"]

1. e4 e6 2. d4 d5 3. Nc3 Bb4 4. e5 c5 5. a3 Bxc3+ 6. bxc3 Ne7 7. Qg4 0-0 8. Bd3 Nbc6 9. Bg5 Qa5 10. Ne2 Qc7 11. Ng3 Ng6 12. 0-0 c4 13. Bxg6 fxg6 14. h4 Ne7 15. h5 gxh5 16. Qxh5 Ng6 17. Ne2 Qf7 18. Ng3 Bd7 19. f3 Ba4 20. Rfc1 Be8 21. Qg4 b5 22. Kf2 Bd7 23. Ke2 Nf4+ 24. Bxf4 Qxf4 25. Qxf4 Rxf4 26. Rh1 h6 27. Kd2 Kh7 28. Rh2 Be8 29. Rah1 a5 30. Ne2 Rf8 31. f4 Kg6 32. g4 Bd7 33. Rf2 Rab8 34. Rg1 Kh7 35. Ng3 b4 36. axb4 a4 37. Ra1 g6 38. Kc1 Ra8 39. Kb2 Rf7 40. Ka3 Raf8 41. Raf1 Kg7 1/2-1/2

[Event "FRA-chT Top 12 (Women)"]
[Site "Vandoeuvre"]
[Date "2008.05.16"]
[Round "1"]
[White "Le Bail, Clara"]
[Black "Gaponenko, Inna"]
[Result "0-1"]
[WhiteElo "2012"]
[BlackElo "2442"]
[PlyCount "76"]
[EventDate "2008.05.16"]
[EventType "team"]
[EventRounds "5"]
[EventCountry "FRA"]
[SourceTitle "CBM 124 Extra"]
[Source "ChessBase"]
[SourceDate "2008.07.03"]
[SourceVersion "1"]
[SourceVersionDate "2008.07.03"]
[SourceQuality "1"]
[WhiteTeam "Rennes (W)"]
[BlackTeam "Clichy (W)"]
[WhiteTeamCountry "FRA"]
[BlackTeamCountry "FRA"]

1. d4 Nf6 2. Nf3 c5 3. d5 b5 4. Bg5 Qb6 5. c3 Ne4 6. Nbd2 Nxg5 7. Nxg5 h6 8. Ngf3 e6 9. dxe6 dxe6 10. g3 Nc6 11. Bg2 Bb7 12. 0-0 Be7 13. Qc2 0-0 14. Rfd1 Rad8 15. Nf1 c4 16. b4 cxb3 17. axb3 Bc5 18. e3 Ne7 19. c4 bxc4 20. bxc4 Nc6 21. Qb1 Nb4 22. Ne5 Bd6 23. Bxb7 Bxe5 24. Rxd8 Rxd8 25. Ra4 a5 26. Bf3 Qc5 27. Qc1 Bc7 28. Nd2 Nd3 29. Qc3 Qe5 30. Nb1 Qf5 31. Nd2 Nc5 32. Ra2 Rxd2 33. Qxd2 Qxf3 34. Qd4 Qc6 35. h4 a4 36. Qd1 Ba5 37. Kf1 Nb3 38. Qc2 Qh1+ 0-1